000 00600nam a2200229Ia 4500
003 OSt
005 20220918194707.0
006 a|||||r|||| 00| 0
007 ta
008 220917b |||||||| |||| 00| 0 eng d
024 _a81,026
037 _cTextual
040 _aARTS
_cARTS
_beng
041 _2eng
_aeng
082 _aS:86xM84:9, K0-;1
100 _aRickers-Ovsiankina Maria A ed
_986427
245 0 _aRorschach psychology
260 _c1960
650 _aPSYCHOLOGY
942 _hS:86xM84:9, K0-;1
_cTEXL
_2CC
999 _c204748
_d204748